000
00276nam a2200109Ia 4500
008
190216s9999||||xx |||||||||||||| ||und||
100
_a
"Ronald M Copeland, Paul E Dascher"
245
0
_a
Managerial Accounting
260
_b
John Wiley & Sons
_c
1977
300
_a
657p
942
_c
BK
999
_c
4304
_d
4304